[Event "World-ch Carlsen-Anand +3-0=7"]
[Site "Chennai"]
[Date "2013.11.13"]
[Round "4"]
[White "Anand, Viswanathan"]
[Black "Carlsen, Magnus"]
[Result "1/2-1/2"]
[WhiteElo "2775"]
[BlackElo "2870"]
[Annotator "Postny,Evgeny"]
[PlyCount "127"]
[EventDate "2013.11.09"]
[EventType "match"]
[EventRounds "12"]
[EventCountry "IND"]
[SourceTitle "CBM 158"]
[Source "ChessBase"]
[SourceDate "2014.01.16"]
[SourceVersion "1"]
[SourceVersionDate "2014.01.16"]
[SourceQuality "1"]

1. e4 e5 {Carlsen decided not to repeat the Caro-Kann as in game 2. This time he goes for the Berlin Defence - the opening that will serve him well until the end of the match as his main weapon against 1.e4.} 2. Nf3 Nc6 3. Bb5 Nf6 4. O-O Nxe4 5. d4 Nd6 6. Bxc6 dxc6 7. dxe5 Nf5 8. Qxd8+ Kxd8 9. h3 {Not the main line, but quite fashionable. In previous years 9.c3 or 9.d1 was played nearly automatically.} Bd7 10. Rd1 Be7 {This move was employed several times by grandmaster Hammer, one of Carlsen's seconds.} ({A really complicated and double-edged position arises after} 10... Kc8 11. g4 Ne7 12. Ng5 Be8 13. f4 h5 14. Kf2 b6 15. f5 Kb7 16. c4 c5 17. Bf4 Nc6 18. Nc3 $13 {½-½ (39) Giri,A (2737)-Nakamura,H (2772) Paris 2013}) 11. Nc3 ({The following game from the European team championship was played just one day prior to the World championship encounter:} 11. g4 Nh4 12. Nxh4 Bxh4 13. Nd2 Kc8 14. Nf3 Be7 15. Rd3 h6 16. Nd4 Re8 17. Bf4 c5 18. Nf5 Bf8 19. c4 a6 20. Ne3 b5 21. b3 g5 22. Bg3 Be6 23. Rad1 Kb7 $11 {½-½ (42) Caruana,F (2782)-Grischuk,A (2785) Warsaw 2013}) (11. Bg5 Kc8 12. g4 $6 {Too early.} (12. Nc3 {would transpose to our game Anand-Carlsen.}) 12... h6 13. Bxe7 (13. Bd2 Nh4 14. Nxh4 Bxh4 15. Bc3 h5 $15 {1-0 (67) Ganguly,S (2651)-Hammer,J (2647) Wijk aan Zee 2011}) 13... Nxe7 14. Kh2 Re8 15. Nbd2 b6 16. Re1 c5 17. Ne4 Bc6 18. h4 Kb7 $15 {0-1 (44) Sutovsky,E (2692)-Hammer,J (2606) Aix-les-Bains 2011}) 11... Kc8 12. Bg5 {After witnessing many games in this line, it seems that both sides are satisfied with the exchange of dark-squared bishops.} h6 13. Bxe7 Nxe7 14. Rd2 (14. a4 a5 15. Rd2 c5 16. Rad1 Bc6 17. e6 $1 fxe6 18. Ne5 Re8 19. Nb5 Bxb5 20. axb5 Nd5 21. c4 Nb6 22. h4 $14 {[%cal Gd2d3,Gd3g3,Gd3f3] ½-½ (33) Berg,E (2587)-Hammer,J (2630) Achaea 2012}) 14... c5 15. Rad1 $146 (15. Ne4 b6 16. Ng3 Bc6 17. Nh2 Ng6 18. Re1 Nf4 19. f3 Kb7 20. Kf2 Rad8 21. Rxd8 Rxd8 22. Nhf1 g6 $11 {1-0 (102) Jakovenko,D (2710)-Almasi,Z (2691) Khanty-Mansiysk 2007}) 15... Be6 16. Ne1 $146 {Clearly, a step in the wrong direction.} ({In a very recent game an attempt to improve White's play was made:} 16. Ne2 Ng6 (16... Bxa2 $2 17. b3 c4 18. Nfd4 c5 19. Nb5 cxb3 20. cxb3 Bxb3 21. Rb1 c4 22. Ned4 {with a strong initiative.}) 17. Ng3 b6 18. Nh5 Rg8 19. a3 a5 20. Re1 Kb7 21. Nh2 Ne7 22. f4 g6 23. Nf6 Rgd8 24. Red1 Rxd2 25. Rxd2 Kc6 $11 {1-0 (49) Gorbatov,A (2360)-Pranizin,G (2187) Khanty-Mansiysk 2013}) ({RR} 16. Ne2 Nc6 17. a3 g5 18. g4 h5 19. Nxg5 hxg4 20. Nf4 gxh3 21. Nfxe6 fxe6 22. f4 b6 23. Nxe6 Rh6 24. Nxc7 Kxc7 25. Rd7+ Kc8 26. Rf7 Rb8 27. Rdd7 b5 28. Rc7+ Kd8 29. Rfd7+ Ke8 30. Rg7 Kf8 {Azarov,S (2574)-Chandra,A (2487) Rockville 2018 ½-½ (33)}) 16... Ng6 17. Nd3 (17. Re2 {was possible, but then the whole idea of doubling the rooks along the d-file makes little sense.}) 17... b6 18. Ne2 $6 {Inviting the opponent to take the risky decision. Objectively, it was bettter not to allow Carlsen to grab the pawn. Perhaps, Anand just didn't believe that the move that now follows would work so well for Black.} (18. b3 {was, objectively, the safest.} c4 19. bxc4 Bxc4 20. f4 Kb7 (20... Bxd3 $6 21. Rxd3 Nxf4 22. Rf3 g5 23. g3 Nxh3+ 24. Kg2 g4 25. Rxf7 Ng5 26. Re7 $44) 21. a4 {White is slightly worse, but the material balance is not broken.}) ({The aggressive attempt} 18. f4 $6 {will leave White a pawn down, fighting for a draw.} c4 19. Rf1 (19. Nb4 Nxf4 20. Nc6 Re8 $15) 19... cxd3 20. f5 Nxe5 21. fxe6 fxe6 22. Re1 (22. cxd3 Rd8 23. Re2 Nxd3 24. Rf7 e5 25. Rxg7 Kb7 $15) 22... Nc6 23. Rxd3 Re8 24. Rg3 Re7 $15) 18... Bxa2 $1 {Accepting the challenge.} (18... c4 $6 19. Ndf4 Nxf4 20. Nxf4 c3 21. Nxe6 $1 (21. bxc3 Bxa2 $15) 21... cxd2 22. Nxg7 Rd8 23. f4 Kb7 24. Kf2 {with good compensation for the exchange. The d2 will, most likely, fall.}) 19. b3 c4 20. Ndc1 cxb3 21. cxb3 Bb1 {The bishop is coming out, so White should desperately look for some compensation.} 22. f4 (22. Rd7 Rg8 $3 {A great prophylactic move, shown immediately by the engine.} ({After} 22... Nxe5 $6 23. Re7 {White will get back one of the pawns, and keep the activity.}) 23. Nc3 Nxe5 $1 {This also requires precise calculation.} 24. R7d5 Bc2 25. R1d2 Nc6 26. Rxc2 Nb4 27. Re2 Nxd5 28. Nxd5 Rd8 $17 {Rook + two pawns should overcome White's knights.}) (22. e6 fxe6 23. Nc3 Bf5 24. Rd7 (24. g4 Ne5 25. gxf5 Nf3+ 26. Kg2 Nxd2 27. fxe6 $1 Rd8 28. e7 Re8 29. Rxd2 Rxe7 $17) 24... Nf4 25. Rxg7 Rh7 26. Rdd7 Rxg7 27. Rxg7 Kb7 $17) 22... Kb7 23. Nc3 ({After} 23. Nd3 Bxd3 24. Rxd3 Rhe8 25. Rg3 Re7 {White's compensation is not sufficient.}) 23... Bf5 24. g4 Bc8 $17 25. Nd3 h5 {Opening the h-file is one of the basic ideas for Black in the Berlin endgame.} 26. f5 Ne7 ({An attempt to break White's kingside pawn chain straight away is not recommended:} 26... Nh4 $6 27. Kf2 g6 28. Rc1 $1 hxg4 29. hxg4 gxf5 30. Nb5 c5 31. Nd6+ Kb8 32. b4 fxg4 33. bxc5 {In such a mess anything can happen, White is really active.}) 27. Nb5 hxg4 $6 {This is an important moment. At first sight it looks that Black can open the h-file first and then figure out the right move. In fact, Magnus should have played 27...a6 without delay, it's important to kick away White's active knight.} (27... a6 28. Nd4 hxg4 29. hxg4 a5 $1 30. Rc1 (30. e6 fxe6 31. fxe6 Re8 $1 $17 {[%csl Re6]}) 30... a4 31. Nb5 (31. bxa4 Rxa4 32. Nf2 Ra5 $17) 31... Nc6 32. Nb4 Nxb4 33. Rxc7+ Kb8 34. Rd6 Nd5 $1 35. Rxd5 a3 36. Rd6 (36. Rc1 a2 37. Rdd1 Bb7 38. Kf2 Ra5 39. Nd6 Rxe5 $19) 36... Bb7 37. Rxb6 Ra7 38. Rbxb7+ Rxb7 39. Rxb7+ Kxb7 40. Nxa3 Kc6 $19) 28. hxg4 $6 {Anand automatically recaptures, missing an interesting tactical opportunity.} (28. Rc1 $1 Nd5 $1 {is the best reply. Now White has two options. In both cases he is objectively fighting for a draw, but, with correct play should eventually make it.} (28... Nc6 $2 29. Rdc2 Bxf5 (29... Bd7 30. Nb4 $1 Nxb4 $140 $2 31. Rxc7+ Ka6 32. Nd6 $18 {[%csl Ra6][%cal Gc1a1]}) 30. Rxc6 Bxd3 31. Rxc7+ Ka6 32. Nd6 Ka5 33. hxg4 $36 {[%csl Ra5]}) 29. Nc5+ (29. e6 fxe6 30. Ne5 a5 $1 (30... a6 $4 {runs into a spectacular mate:} {[%tqu "En","Can you spot the combination?","","","c1c7","",3]} 31. Rxc7+ $1 Nxc7 32. Nd6+ Ka7 33. Nc6#) 31. hxg4 c5 32. Nf7 Rf8 33. Re1 $1 exf5 34. Nbd6+ Kc6 35. gxf5 Ra7 $1 36. Nxc8 Raxf7 37. Re6+ Kc7 38. Nd6 Rxf5 39. Nxf5 Rxf5 40. Rg6 $15) 29... bxc5 30. Rxd5 gxh3 (30... Bxf5 $6 31. Rdxc5 Rac8 32. Nxc7 $132) 31. Rdxc5 h2+ 32. Kh1 Kb8 $1 {[%cal Gc8b7]} 33. Nd4 Bb7+ 34. Nc6+ Kc8 35. Rd5 Bxc6 36. Rxc6 Rb8 37. Rdc5 Rb7 38. e6 fxe6 39. fxe6 $15) 28... Rh4 $6 {Again Black should have kicked away the knight.} (28... a6 29. Nd4 a5 30. Rc1 a4 31. bxa4 Rxa4 $17 {is the position Black should strive for. Both of his rooks are in the action.}) 29. Nf2 Nc6 (29... a6 $2 {is now runs into} 30. Nd6+ $1 cxd6 31. exd6 Nc6 32. d7 {winning back the piece and White is not worse anymore.}) 30. Rc2 a5 $1 {[%cal Ga5a4]} (30... g6 31. Kf1 $3 {is extremely difficult to figure out for a human player.} (31. Rdc1 $2 Bd7 32. Nd4 Nxd4 33. Rxc7+ Kb8 34. Rxd7 Ne2+ {is the problem for White.}) 31... gxf5 32. Rdc1 Bd7 (32... Rh6 33. g5 Rg6 34. Nd6+ $1 cxd6 35. Rxc6 Be6 36. Rc7+ Ka6 37. exd6 $44) 33. Nd4 Nxd4 34. Rxc7+ Ka6 ({No more fork on e2 after} 34... Kb8 $2 35. Rxd7 $16) 35. Ra1+ Kb5 36. Rxd7 $132) (30... a6 31. Rdc1 Bd7 32. e6 fxe6 33. fxe6 axb5 (33... Be8 $2 34. Nd4 {would lose a piece as White's knight is taboo.}) 34. exd7 Rh6 35. Nd3 Rah8 (35... Rd8 $2 36. Ne5 $1 Nxe5 $2 37. Rxc7+ Ka6 38. Ra1#) 36. Rxc6 $1 Rxc6 37. Rxc6 Kxc6 38. Ne5+ Kc5 39. Nf7 Rf8 40. d8=Q Rxd8 41. Nxd8 Kb4 42. Ne6 Kxb3 43. Nxg7 b4 44. Nf5 Kc3 45. g5 b3 46. Ne3 Kd3 47. Nd1 Kc2 48. Ne3+ $11) 31. Rc4 $1 {An immediate doubling of the rooks would give White no benefit, so Anand finds a useful move, preventing the advance a5-a4.} (31. e6 $6 fxe6 32. fxe6 Bxe6 33. Rxc6 Kxc6 34. Nd4+ Kd7 $1 35. Nf3+ Kc8 36. Nxh4 Bxb3 {It's difficult to give a clear estimation of this position, but three connected passers are really dangerous.}) (31. Rdc1 $6 Bd7 32. e6 fxe6 33. fxe6 Be8 $17) 31... g6 (31... Bxf5 $6 32. Rxc6 $1 Kxc6 33. Nd4+ Kb7 34. Nxf5 $132) 32. Rdc1 {Now White must pay great attention to specifics as his kingside chain of pawns is about to collapse.} Bd7 33. e6 (33. Nd4 $2 Nxd4 34. Rxc7+ Ka6 35. Rxd7 Ne2+ $19) 33... fxe6 34. fxe6 Be8 35. Ne4 $1 {[%mdl 2048] An excellent resource, not obvious at all, as White allows his opponent to capture a pawn with check!} Rxg4+ 36. Kf2 Rf4+ $6 (36... Rd8 $1 {would make White's task more difficult.} 37. Ke3 Rd5 (37... Rg2 38. Rh1 $1 Rd5 39. Rh7 $1 Rxb5 40. Nd6+ Ka6 41. Nxb5 Kxb5 42. Rh8 {The bishop is trapped.} Rg3+ 43. Kd2 Rxb3 44. Rg4 {With the next move White will capture the bishop and the e6 will not allow Black to advance his queenside pawns comfortably. With correct play this mess should end in a draw.}) 38. Nbc3 Re5 39. Kf3 Rgxe4 40. Rxe4 Rxe6 $1 41. Rxe6 Nd4+ 42. Ke3 Nxe6 {In this endgame White's chances for a draw are higher than Black's for a win, but against Magnus this won't be easy to prove.}) 37. Ke3 Rf8 (37... g5 38. Nd4 Nb4 39. Ne2 $1 (39. Rxc7+ $6 Ka6 {[%cal Gb4d5]} 40. Rg7 Nd5+ 41. Kd3 Rd8 42. Rxg5 Rh4 {[%csl Rd3,Rd4,Re4] and all White's centralised pieces, including the king, are under serious pressure.}) 39... Bc6 40. Nxf4 gxf4+ 41. Kxf4 Nd3+ 42. Kf5 Nxc1 43. Rxc1 {[%csl Ge6] The strong passed pawn guarantees White sufficient counterplay.}) 38. Nd4 Nxd4 39. Rxc7+ Ka6 40. Kxd4 Rd8+ {The time trouble has passed and White can be definitely happy with the latest developments. He is still a pawn down, but not worse anymore thanks to his active pieces and the strong e6-passer.} 41. Kc3 $5 {Anand goes for the safest move, protecting the b3 and already having in mind the forthcoming exchange of the minor pieces. The alternative 41.e3 was more ambitious, from a human point of view more risky for both sides! Objectively, the position would remain equal as well.} (41. Ke5 $4 Rf5#) (41. Ke3 {Here Black's general idea is to sacrifice the bishop for the e-pawn, to grab the b3 and roll forward two connected passed pawns. Here is a sample line:} Rd5 42. Rh7 (42. e7 $2 Rf7 $17) 42... Bb5 43. Rf7 Rh8 44. Rcc7 Rd3+ 45. Kf2 (45. Kf4 Be8 46. Rfe7 Rh4+ 47. Ke5 Re3 48. Rxe8 Rhxe4+ 49. Kf6 Rxb3 50. e7 Rf3+ 51. Kxg6 Rfe3 52. Ra8+ Kb5 53. Kf7 Rf3+ 54. Kg6 Rfe3 $11) 45... Be8 46. Rf3 Rh2+ 47. Kg3 Rh3+ 48. Kxh3 Rxf3+ 49. Kg4 Rxb3 50. Rc8 Ba4 51. Kf4 Rb1 52. Nd6 Ka7 53. Rc7+ Ka6 54. Rc8 $11) 41... Rf3+ 42. Kb2 Re3 43. Rc8 {This is the way minor pieces will be exchanged. The forthcoming double rook endgame is drawish, since Black's extra pawn has no significance.} Rdd3 $1 {Magnus is trying the last practical chance. Keeping all the rooks on the board, Black is hoping to target the b3.} (43... Rxc8 44. Rxc8 Rxe4 45. Rxe8 {The e- and g-pawns will be swapped and the position is completely drawish.}) 44. Ra8+ Kb7 45. Rxe8 Rxe4 46. e7 Rg3 47. Rc3 Re2+ 48. Rc2 Ree3 {[%csl Rb3]} 49. Ka2 $1 {Now Black can't capture the b3, as he always has to keep an eye on the e-pawn.} g5 50. Rd2 Re5 51. Rd7+ Kc6 52. Red8 Rge3 53. Rd6+ Kb7 54. R8d7+ Ka6 55. Rd5 Re2+ (55... g4 56. Rxe5 Rxe5 57. Rd4 g3 58. Rg4 $11) 56. Ka3 Re6 57. Rd8 g4 58. Rg5 Rxe7 59. Ra8+ $1 ({It's never too late to go astray:} 59. Rxg4 $2 Rf2 60. Ra8+ Kb7 61. Rag8 Re1 {could give Black winning chances.}) 59... Kb7 60. Rag8 {Now the rook is trapped for an exchange, the draw is inevitable.} a4 (60... Rf2 61. R8g7 $11) 61. Rxg4 axb3 62. R8g7 Ka6 63. Rxe7 Rxe7 64. Kxb3 {A very rich in content, hard-fought battle.} 1/2-1/2

[Event "World-ch Carlsen-Anand +3-0=7"]
[Site "Chennai"]
[Date "2013.11.18"]
[Round "7"]
[White "Anand, Viswanathan"]
[Black "Carlsen, Magnus"]
[Result "1/2-1/2"]
[WhiteElo "2775"]
[BlackElo "2870"]
[Annotator "Szabo,Krisztian"]
[PlyCount "64"]
[EventDate "2013.11.09"]
[EventType "match"]
[EventRounds "12"]
[EventCountry "IND"]
[SourceTitle "CBM 158"]
[Source "ChessBase"]
[SourceDate "2014.01.16"]
[SourceVersion "1"]
[SourceVersionDate "2014.01.16"]
[SourceQuality "1"]

{We have just reached the half-way point of the match. Carlsen was leading by 4-2.} 1. e4 e5 2. Nf3 Nc6 3. Bb5 Nf6 {Carlsen repeats his main weapon, the Berlin Defence, which he employed successfully in the 4th and 6th games of the match.} 4. d3 {Anand avoids the 4.0-0 xe4 "endgame line", like in the 6th game.} Bc5 5. Bxc6 {Anand's favourite move.} (5. c3 {and}) (5. O-O {are other lines.}) 5... dxc6 6. Nbd2 {The position has some similarities to the RL Delayed Exchange Variation with 3...a6 4.a4 f6 5.xc6 dxc6 6.d3.} Bg4 $5 {A rare, but interesting move.} ({The most recent games continued with} 6... Be6 {followed by d7.}) ({Anand had two successful games with} 6... O-O 7. O-O Re8 8. Nc4 Nd7 9. Kh1 (9. a4 a5 10. b3 Bf8 11. Kh1 {A possible plan is g1-e2 and f2-f4.} b6 12. g3 { h4} Ba6 13. Bb2 Bxc4 14. bxc4 g6 15. Nh4 Bh6 16. Ng2 { f4} Nc5 17. f4 exf4 18. gxf4 Bg7 19. Bxg7 Kxg7 20. f5 $36 {with some initiative, later White managed to win, Anand-Aronian, Stavanger blitz 2013.}) 9... a5 10. a4 b6 11. Be3 (11. b3 $5) 11... Bb4 12. Nfd2 b5 13. axb5 cxb5 14. c3 bxc4 15. cxb4 cxd3 16. bxa5 Ba6 17. Qb3 Nf6 18. h3 Nh5 19. Rfc1 Nf4 20. Rc6 Ne2 21. Qd5 Qb8 $4 {Until this point the game was balanced, but here suddenly Kramnik blundered, allowing White's strong reply.} ({The correct choice would have been} 21... Qxd5 22. exd5 Rec8 {Black is under pressure, but with tough defence it should be an equal endgame.}) 22. Rxa6 $1 Rxa6 23. Qxd3 {and after a few moves Black resigned, Anand-Kramnik, Zuerich 2013.}) 7. h3 Bh5 {Of course Carlsen saves his bishop pair.} (7... Bxf3 8. Qxf3 Nd7 9. Qg3 Qf6 10. Nc4 O-O 11. O-O Rfe8 12. a4 Nf8 13. Bg5 Qe6 14. Bd2 Ng6 15. b4 Bf8 16. Qg4 b6 17. g3 f6 18. Bc3 $14 {with a comfortable position for White, Adams-Fressinet, Germany 2012.}) 8. Nf1 {White employs the typical Ruy Lopez regrouping of the knight to g3 before castling, especially since the bishop is on h5.} ({In case of} 8. g4 Bg6 9. Nxe5 $2 {is not working because of} Qd4 $1) 8... Nd7 {Black is also following his typical plan. He prepares for f6, f7 and sometimes f8-e6.} 9. Ng3 Bxf3 {An interesting decision to give up the  now.} (9... Bg6 $5 {was an interesting alternative. Black plans f6 then transfers his  to f7. For example} 10. O-O O-O {and Black has a comfortable position.} ({Still} 10... f6 {is too early, as} 11. Nh4 Bf7 12. Nhf5 O-O 13. Qg4 $36 {and White has some initiative.})) 10. Qxf3 g6 $1 {A very important positional move. In normal cases when the white  is on g3 the ...g6 move is very good, as the  can't move to f5 or h5. If Black had castled, g6 isn't so good, because White has an attack with h6 and h4-h5, but now Carlsen wants to castle to the queenside.} 11. Be3 Qe7 12. O-O-O $146 ({RR} 12. O-O Bd6 13. a4 c5 14. c3 O-O-O 15. Rfb1 Kb8 16. a5 a6 17. Nf1 Qe6 18. Qd1 f5 19. f3 Be7 20. Qa4 Nf6 {½-½ (20) Jakovenko,D (2710)-Almasi,Z (2707) Germany 2018}) 12... O-O-O {Finally both sides have finished their development. White has a slight advantage thanks to his slightly better pawn structure, but this can hardly be exploited. A slow, positional manoeuvring fight begins, where both players try to improve their pieces. The game is balanced.} 13. Ne2 {The  is not so useful on g3, while from e2 it can be support a d4 or an f4.} Rhe8 14. Kb1 {Another useful move. Sometimes Black's idea is e6 followed by f5 and without b1 the a2  is unprotected.} b6 {Carlsen also makes a useful move, he prepares for b7.} 15. h4 Kb7 ({I think} 15... h5 $5 {was easier, but Carlsen doesn't worry about White's threats on the h-file.}) 16. h5 Bxe3 17. Qxe3 ({In case of} 17. fxe3 $5 {Black can regroup to the kingside with} Rg8 $5 18. g4 (18. Rdf1 {could have been met by} f5 (18... Rdf8 $5) 19. hxg6 (19. exf5 gxf5 20. Qxf5 Rxg2 {and Black hasn't got any problem.}) 19... fxe4 20. Qxe4 Rxg6 {with an equal position.}) 18... gxh5 $1 {This is the point of the g8!} (18... Rdf8 19. Rdf1 Nc5 20. Qf6 $14 {maybe a little bit unpleasant for Black.}) 19. gxh5 (19. Rxh5 Nf6 $11) 19... Rg5 20. Ng3 Rdg8 21. Nf5 Qf6 {White has a strong  on f5, but Black controls the g-file with his rooks, so the position is balanced.}) 17... Nc5 {The  is ready to go to e6, or sometimes even a4 and b4 could be a threat.} 18. hxg6 hxg6 19. g3 ({If} 19. Rh7 {Black uses the same motif as in the game with} Rh8 20. Rdh1 Rxh7 21. Rxh7 Qf6 $11 {followed by h8 with a completely drawish endgame.}) 19... a5 (19... Rh8 $11) ({or} 19... Qf6 $11 {was also fine, with an equal position.}) 20. Rh7 (20. f4 {could have been met by} f5 $1 21. exf5 gxf5 22. fxe5 Qxe5 23. Qxe5 Rxe5 {with a fully drawish ending.}) 20... Rh8 21. Rdh1 Rxh7 22. Rxh7 Qf6 $1 {Black prepares to exchange the rooks with h8.} 23. f4 Rh8 $1 {The most precise move.} ({The natural} 23... exf4 $6 {was dubious, as} 24. Qxf4 $1 Qxf4 25. gxf4 {and suddenly the endgame is better for White. His rook is very active and his pawn structure is also better.} Rd7 26. Kc1 $14 {Followed by g3, d2-e3 then f5 later on. But of course Carlsen doesn't allow such chances.}) 24. Rxh8 Qxh8 25. fxe5 Qxe5 26. Qf3 ({The fork with} 26. d4 $2 {does not work in view of} Qxe4 $17) 26... f5 $1 {After this the draw is inevitable.} 27. exf5 gxf5 28. c3 Ne6 29. Kc2 Ng5 30. Qf2 Ne6 31. Qf3 Ng5 32. Qf2 Ne6 {A tidy draw, Carlsen preserved his 2 point lead!} 1/2-1/2